000 00269nam a2200109Ia 4500
001 1261645
005 20260417140356.0
008 260417s9999 xx 000 0 und d
020 _a9786257854467
245 0 _aPencereden
_cGüray Süngü
260 _bKetebe Yayınları
999 _c1261645
_d1261645